000 01132nam a2200241Ia 4500
999 _c37853
_d37853
001 3831
003 GE_BSU
005 20190815170225.0
008 181216s1961||||ge |||||||||||||| ||geo||
040 _cGE_BSU
041 _ageo
080 _a821.353.1(092)+1(479.22)(092) გ–59
100 _aგოგიბერიძე, მოსე
_93633
245 _aრუსთაველი. პეტრიწი. პრელუდიები :
_bკრებული /
_cშეადგ. და დასაბეჭდად მოამზადა ი. მეგრელიძემ.
264 _aთბ. :
_bსაბჭ. მწერალი,
_c1961.
300 _a320 გვ. :
_b პორტრ. ;
_c20 სმ.
504 _a ბიბლიოგრ. შენიშვნებში.
600 _aრუსთაველი შოთა
_93634
600 _a იოანე პეტრიწი
_93635
653 _aრუსთაველი შოთა; იოანე პეტრიწი
700 _aმეგრელიძე, ი.
_eშემდგენელი
_91203
942 _cBK
_2udc